ՀՀ Գիտությունների ազգային ակադեմիայի հիմնարար գիտական գրադարան  =   Fundamental Scientific Library of NAS RA

Ծրագիր : (Record no. 190828)

MARC details
000 -LEADER
fixed length control field 00704nam a2200193 a 4500
001 - CONTROL NUMBER
control field 000513111
003 - CONTROL NUMBER IDENTIFIER
control field AM-YEHGA
005 - DATE AND TIME OF LATEST TRANSACTION
control field 20250618072738.0
008 - FIXED-LENGTH DATA ELEMENTS--GENERAL INFORMATION
fixed length control field 061206|1907 ai | |||||||||||||arm|d
040 ## - CATALOGING SOURCE
Original cataloging agency AM-YeHGA
041 0# - LANGUAGE CODE
Language code of text/sound track or separate title arm
090 ## - LOCALLY ASSIGNED LC-TYPE CALL NUMBER (OCLC); LOCAL CALL NUMBER (RLIN)
-- 192297
110 2# - MAIN ENTRY--CORPORATE NAME
Corporate name or jurisdiction name as entry element Հայ յեղափոխական դաշնակցութիւն
9 (RLIN) 4870
245 10 - TITLE STATEMENT
Title Ծրագիր :
Remainder of title Հաստատւած 1907 թ. Հ.Յ. Դաշնակցութեան ընդհանուր ժողովից.
260 ## - PUBLICATION, DISTRIBUTION, ETC.
Place of publication, distribution, etc. Բաքու :
Name of publisher, distributor, etc. Տպ. Բաքու
Date of publication, distribution, etc. 1917.
300 ## - PHYSICAL DESCRIPTION
Extent 29 էջ ;
Dimensions 18 սմ.
650 14 - SUBJECT ADDED ENTRY--TOPICAL TERM
Topical term or geographic name entry element Կուսակցություններ
General subdivision Հայ հեղափոխական դաշնակցություն
Form subdivision Ծրագիր
9 (RLIN) 5461
942 ## - ADDED ENTRY ELEMENTS (KOHA)
Source of classification or shelving scheme Universal Decimal Classification
Koha item type Գրքեր / Books
Holdings
Withdrawn status Lost status Damaged status Not for loan Collection Home library Current library Date acquired Total checkouts Full call number Barcode Date last seen Price effective from Koha item type Public note
        General Fundamental Scientific Library Fundamental Scientific Library 28/12/2016   AI/18898 FL0063177 28/12/2016 28/12/2016 Գրքեր / Books 30 Days Loan
        Kusikian Individual Collection Fundamental Scientific Library Fundamental Scientific Library 26/08/2021   Կուս/3832 Fl0654288 26/08/2021 26/08/2021 Գրքեր / Books ILL Non Circ


ՀՀ ԳԱԱ հիմնարար գիտական գրադարան
ՀՀ,Երևան 0019
Մարշալ Բաղրամյան 24/6
հեռախոս:(374-10) 52-47-50
Հետադարձ կապ

All site content, except where otherwise noted, is licensed under a
Creative Commons License